Adventures in sound with maxaxiom super scientist

Bibliographic Details
Main Author: Sohn, Emily
Other Authors: Martin, Cynthia, Timmons, Anne
Format: Book
Published: Subang Jaya : Bright Publications Sdn Bhd , 2020
Series:Bright graphic science series
Subjects:

MARC

LEADER 00000cam a2200000 7i4500
001 0000278285
005 20200910152621.0
020 |a 9789672260059 
090 0 0 |a JF   |b SOH 
100 1 |a Sohn, Emily 
245 1 0 |a Adventures in sound with maxaxiom super scientist   |c by Emily Sohn ; illustrated by Cynthia Martin and Anne Timmons 
260 |a Subang Jaya :   |b Bright Publications Sdn Bhd ,   |c 2020 
300 |a 32p. :   |b ill. ;   |c 23cm. 
490 0 |a Bright graphic science series 
650 0 |a Comic books and teenagers 
650 0 |a Comic books, strips, etc 
650 0 |a Science fiction comic books, strips, etc 
700 1 |a Martin, Cynthia 
700 1 |a Timmons, Anne 
999 |a 00384832   |b BUKU   |c PINJAMAN   |e PERPUSTAKAAN KOMUNITI PETALING JAYA